[Event "Mislata op 50th"]
[Site "Mislata"]
[Date "2016.08.09"]
[Round "3"]
[White "Fernandez Gil, Ruben Carlos"]
[Black "Echeverria, Nestor"]
[Result "0-1"]
[WhiteElo "2202"]
[BlackElo "2092"]
[PlyCount "101"]
[EventDate "2016.08.08"]
[EventType "swiss"]
[EventRounds "9"]
[EventCountry "ESP"]
[SourceTitle "EXT 2017"]
[Source "ChessBase"]
[SourceDate "2016.10.25"]
[SourceVersion "1"]
[SourceVersionDate "2016.10.25"]
[SourceQuality "1"]

1. e4 d5 2. exd5 Nf6 3. d4 Nxd5 4. c4 Nb6 5. c5 Nd5 6. Bc4 e6 7. Nc3 Be7 8. Qb3 c6 9. Nf3 Nd7 10. Nxd5 exd5 11. Bd3 0-0 12. 0-0 Re8 13. Qc2 Nf8 14. Bf4 Bf6 15. Bd6 Ng6 16. Rfe1 Be6 17. b4 a6 18. Rab1 Qd7 19. a4 h6 20. b5 axb5 21. axb5 Ne7 22. Ne5 Bxe5 23. dxe5 Bf5 24. bxc6 bxc6 25. Ra1 Bxd3 26. Qxd3 Qf5 27. Qb3 Ng6 28. Rxa8 Rxa8 29. g3 Qg5 30. e6 fxe6 31. Qb7 Ra2 32. Qc8+ Kh7 33. Qxe6 Nh4 34. Rf1 Nf3+ 35. Kg2 Nd4 36. Qe8 Nf5 37. Bf4 Qg4 38. Qe1 Nd4 39. h3 Qf3+ 40. Kg1 Qe4 41. Qd1 Nf3+ 42. Kh1 Nh4+ 43. f3 Qe2 44. Qb1+ Ng6 45. Qxa2 Qxa2 46. Bd6 Qe2 47. Kg1 d4 48. Rf2 Qe1+ 49. Rf1 Qe3+ 50. Kg2 d3 51. Bc7 0-1

[Event "Mislata op-B 48th"]
[Site "Mislata"]
[Date "2014.08.11"]
[Round "1"]
[White "Fernandez Garcia, Olmo"]
[Black "Fernandez Gil, Ruben Carlos"]
[Result "0-1"]
[WhiteElo "1812"]
[BlackElo "2008"]
[PlyCount "56"]
[EventDate "2014.08.11"]
[EventType "swiss"]
[EventRounds "9"]
[EventCountry "ESP"]
[SourceTitle "CBM 161 Extra"]
[Source "ChessBase"]
[SourceDate "2014.08.29"]
[SourceVersion "1"]
[SourceVersionDate "2014.08.29"]
[SourceQuality "1"]

1. e4 c5 2. Nf3 d6 3. d4 cxd4 4. Nxd4 Nf6 5. Nc3 a6 6. Be2 e5 7. Nb3 Be7 8. 0-0 Be6 9. Be3 0-0 10. f4 exf4 11. Bxf4 Nc6 12. Be3 b5 13. a3 Ne5 14. Nd4 d5 15. Nxe6 fxe6 16. exd5 exd5 17. Kh1 Nc4 18. Bxc4 dxc4 19. Qf3 Qe8 20. Nd5 Rd8 21. Nc7 Qd7 22. Nxa6 Ng4 23. Qe2 Qe6 24. Nc7 Qe4 25. h3 Nxe3 26. Rfe1 Bc5 27. Nxb5 Qxc2 28. Nc3 Rd2 0-1

[Event "Madrid-chT 1314"]
[Site "Madrid"]
[Date "2014.02.08"]
[Round "9.15"]
[White "Fernandez Gil, Ruben Carlos"]
[Black "Rodrigo Yanguas, Maria"]
[Result "0-1"]
[WhiteElo "2043"]
[BlackElo "2165"]
[PlyCount "58"]
[EventDate "2013.11.16"]
[EventType "team-tourn"]
[EventRounds "14"]
[EventCountry "ESP"]
[SourceTitle "EXT 2015"]
[Source "ChessBase"]
[SourceDate "2014.11.20"]
[SourceVersion "1"]
[SourceVersionDate "2014.11.20"]
[SourceQuality "1"]
[WhiteTeam "San Fernando de Henares"]
[BlackTeam "Virgen de Atocha"]
[WhiteTeamCountry "ESP"]
[BlackTeamCountry "ESP"]

1. e4 e6 2. d4 d5 3. Nc3 Nf6 4. e5 Nfd7 5. f4 c5 6. Nf3 Nc6 7. Be3 a6 8. Qd2 b5 9. dxc5 Nxc5 10. Qf2 b4 11. Bxc5 bxc3 12. bxc3 Qa5 13. Bd4 Nxd4 14. Qxd4 Bd7 15. Qd2 Rc8 16. Bd3 Bc5 17. Nd4 Ba7 18. Nb3 Qa3 19. Rf1 0-0 20. Rf3 Bb5 21. Rh3 Bxd3 22. cxd3 f6 23. d4 fxe5 24. fxe5 Rf7 25. Rf3 Rxf3 26. gxf3 a5 27. Rc1 a4 28. Na1 Bxd4 29. Nc2 Qxc3 0-1

[Event "Collado Villalba op 30th"]
[Site "Collado Villalba"]
[Date "2013.08.29"]
[Round "7"]
[White "Fernandez Gil, Ruben Carlos"]
[Black "Rincon Carrillo, Ricardo"]
[Result "1/2-1/2"]
[WhiteElo "2046"]
[BlackElo "1956"]
[PlyCount "104"]
[EventDate "2013.08.23"]
[EventType "swiss"]
[EventRounds "9"]
[EventCountry "ESP"]
[SourceTitle "CBM 156 Extra"]
[Source "ChessBase"]
[SourceDate "2013.10.22"]
[SourceVersion "1"]
[SourceVersionDate "2013.10.22"]
[SourceQuality "1"]

1. e4 c5 2. d4 cxd4 3. c3 dxc3 4. Nxc3 Nc6 5. Nf3 d6 6. Bc4 e6 7. 0-0 Nf6 8. Qe2 Be7 9. Rd1 e5 10. b4 Bg4 11. Be3 0-0 12. h3 Nd4 13. Bxd4 exd4 14. Rxd4 Bxf3 15. Qxf3 Qb6 16. Rad1 Rac8 17. a4 a6 18. a5 Qc6 19. R1d3 b5 20. Bd5 Qc7 21. Bb3 Nd7 22. Nd5 Ne5 23. Qg3 Qa7 24. Rd1 Bd8 25. Nb6 Rc6 26. Rxd6 Rxd6 27. Rxd6 Qe7 28. Nc8 Qe8 29. Rd5 Bc7 30. Nd6 Bxd6 31. Rxd6 Nc4 32. Rd4 Qc6 33. Qd3 Ne5 34. Bd5 Qc1+ 35. Qd1 Qc7 36. f4 Nc6 37. Bxc6 Qxc6 38. e5 g6 39. Rd8 Rxd8 40. Qxd8+ Kg7 41. Qd4 Kg8 42. Kf2 h5 43. g4 hxg4 44. hxg4 Qh1 45. f5 gxf5 46. gxf5 Qh2+ 47. Kf3 Qh3+ 48. Ke4 Qg4+ 49. Kd5 Qxf5 50. Qg1+ Kh8 51. Qh2+ Kg7 52. Qg3+ Kf8 1/2-1/2

[Event "ESP-ch U14"]
[Site "Salobrena"]
[Date "2012.07.14"]
[Round "9"]
[White "Bru Rullo, Llatzer"]
[Black "Fernandez Gil, Ruben Carlos"]
[Result "1-0"]
[WhiteElo "2051"]
[BlackElo "1899"]
[PlyCount "99"]
[EventDate "2012.07.09"]
[EventType "swiss"]
[EventRounds "9"]
[EventCountry "ESP"]
[SourceTitle "EXT 2014"]
[Source "ChessBase"]
[SourceDate "2013.11.20"]
[SourceVersion "1"]
[SourceVersionDate "2013.11.20"]
[SourceQuality "1"]

1. e4 e6 2. d4 d5 3. Nd2 Nf6 4. e5 Nfd7 5. Bd3 c5 6. c3 Nc6 7. Ne2 cxd4 8. cxd4 f6 9. exf6 Nxf6 10. Nf3 Bd6 11. 0-0 0-0 12. Bg5 Qe8 13. Bh4 Bd7 14. Bg3 Bxg3 15. hxg3 e5 16. dxe5 Nxe5 17. Nxe5 Qxe5 18. Qd2 Bc6 19. Rad1 Rad8 20. Rfe1 Ne4 21. Bxe4 dxe4 22. Qxd8 Rxd8 23. Rxd8+ Kf7 24. Nc3 h6 25. Rd2 Kg6 26. Re3 b5 27. Rde2 a5 28. Nxe4 Bxe4 29. Rxe4 Qd5 30. a3 Qd3 31. Re6+ Kh7 32. R6e3 Qd6 33. Kh2 b4 34. axb4 axb4 35. b3 Qd5 36. g4 Kh8 37. Rc2 Qd6+ 38. g3 Kh7 39. Rc4 Qd2 40. Rf4 g5 41. Rf7+ Kg6 42. Ref3 Qd4 43. R3f6+ Qxf6 44. Rxf6+ Kxf6 45. f4 Ke6 46. Kg2 Kd5 47. f5 Ke5 48. Kf3 h5 49. gxh5 Kxf5 50. g4+ 1-0

[Event "ESP-ch U14"]
[Site "Salobrena"]
[Date "2012.07.13"]
[Round "8"]
[White "Serra Canals, Oriol"]
[Black "Fernandez Gil, Ruben Carlos"]
[Result "0-1"]
[WhiteElo "1775"]
[BlackElo "1899"]
[PlyCount "90"]
[EventDate "2012.07.09"]
[EventType "swiss"]
[EventRounds "9"]
[EventCountry "ESP"]
[SourceTitle "EXT 2014"]
[Source "ChessBase"]
[SourceDate "2013.11.20"]
[SourceVersion "1"]
[SourceVersionDate "2013.11.20"]
[SourceQuality "1"]

1. d4 Nf6 2. c4 e6 3. Nf3 c5 4. d5 d6 5. Nc3 exd5 6. cxd5 g6 7. g3 Bg7 8. Bg2 0-0 9. 0-0 a6 10. a4 Nbd7 11. h3 Re8 12. Re1 Rb8 13. Bf4 Qc7 14. Qc2 b5 15. axb5 axb5 16. Nd2 Nh5 17. Be3 Nxg3 18. Bf4 Nf5 19. Nce4 Ne5 20. e3 Nh4 21. Qb3 Qd7 22. Bg3 Nxg2 23. Kxg2 Qxh3+ 24. Kg1 Bg4 25. f4 Nf3+ 26. Kf2 Nxe1 27. Rxe1 Bf5 28. Nxd6 Red8 29. Nxf5 Qxf5 30. e4 Bd4+ 31. Kg2 Qg4 32. Nf3 h5 33. Nxd4 cxd4 34. Kf2 Qh3 35. f5 h4 36. Rg1 hxg3+ 37. Rxg3 Qh2+ 38. Kf3 Qh5+ 39. Kf2 Qh2+ 40. Kf3 Qh1+ 41. Kf4 Qf1+ 42. Kg4 Re8 43. fxg6 Rxe4+ 44. Kh5 Qf5+ 45. Rg5 fxg6+ 0-1

[Event "Tres Cantos op 4th"]
[Site "Tres Cantos"]
[Date "2012.06.29"]
[Round "9"]
[White "Fernandez Gil, Ruben Carlos"]
[Black "Rezola Gimenez, Gonzalo"]
[Result "1-0"]
[WhiteElo "1888"]
[BlackElo "1468"]
[PlyCount "47"]
[EventDate "2012.06.21"]
[EventType "swiss"]
[EventRounds "9"]
[EventCountry "ESP"]
[SourceTitle "CBM 149 Extra"]
[Source "ChessBase"]
[SourceDate "2012.08.24"]
[SourceVersion "1"]
[SourceVersionDate "2012.08.24"]
[SourceQuality "1"]

1. e4 c5 2. Nf3 e6 3. d4 cxd4 4. Nxd4 d6 5. Nc3 Nc6 6. Bc4 Nf6 7. Nxc6 bxc6 8. Bg5 h6 9. Bh4 g5 10. Bg3 Qb6 11. 0-0 Bg7 12. e5 Nh7 13. Ne4 0-0 14. Kh1 f5 15. exf6 Nxf6 16. Nxf6+ Bxf6 17. Qd3 Kg7 18. Bxd6 Rf7 19. f4 Qd4 20. fxg5 Qxd3 21. gxf6+ Rxf6 22. Bxd3 Rxf1+ 23. Rxf1 Bb7 24. Rf4 1-0

[Event "Tres Cantos op 4th"]
[Site "Tres Cantos"]
[Date "2012.06.24"]
[Round "4"]
[White "Fernandez Sanchez, Lorenzo"]
[Black "Fernandez Gil, Ruben Carlos"]
[Result "1-0"]
[WhiteElo "1851"]
[BlackElo "1888"]
[PlyCount "61"]
[EventDate "2012.06.21"]
[EventType "swiss"]
[EventRounds "9"]
[EventCountry "ESP"]
[SourceTitle "CBM 149 Extra"]
[Source "ChessBase"]
[SourceDate "2012.08.24"]
[SourceVersion "1"]
[SourceVersionDate "2012.08.24"]
[SourceQuality "1"]

1. d4 Nf6 2. c4 e6 3. Nc3 Bb4 4. a3 Bxc3+ 5. bxc3 0-0 6. Bg5 h6 7. Bh4 c5 8. Nf3 g5 9. Bg3 Ne4 10. Qc2 f5 11. h4 g4 12. Ne5 Qa5 13. Rc1 cxd4 14. Nxg4 Nxc3 15. Nxh6+ Kh7 16. Qd2 Nc6 17. Bf4 Qxa3 18. f3 Qb4 19. g4 Na2 20. Qxb4 Ncxb4 21. Bd6 Rf6 22. Bxb4 Nxc1 23. g5 Rg6 24. Nf7 Rg7 25. h5 Rg8 26. g6+ Kg7 27. Be7 d5 28. Rg1 Rh8 29. Nxh8 Kxh8 30. Bf6+ Kg8 31. h6 1-0

[Event "Collado Villalba op 28th"]
[Site "Collado Villalba"]
[Date "2011.08.25"]
[Round "3"]
[White "Fernandez Gil, Ruben Carlos"]
[Black "Arauz Alonso, Fernando"]
[Result "1/2-1/2"]
[WhiteElo "1847"]
[BlackElo "2123"]
[PlyCount "52"]
[EventDate "2011.08.23"]
[EventType "swiss"]
[EventRounds "9"]
[EventCountry "ESP"]
[SourceTitle "CBM 144 Extra"]
[Source "ChessBase"]
[SourceDate "2011.10.28"]
[SourceVersion "1"]
[SourceVersionDate "2011.10.28"]
[SourceQuality "1"]

1. e4 c6 2. d4 d5 3. exd5 cxd5 4. c4 Nf6 5. Nc3 g6 6. Qb3 Bg7 7. cxd5 0-0 8. Nf3 Qb6 9. Bc4 Na6 10. Qxb6 axb6 11. Bf4 Nb4 12. d6 Nc2+ 13. Kd2 Nxa1 14. dxe7 Re8 15. Re1 h6 16. d5 Bd7 17. d6 Ng4 18. Rxa1 Nxf2 19. Re1 b5 20. Nxb5 Bxb2 21. Nc7 Ra4 22. Nxe8 Bxe8 23. Bb5 Rxa2 24. Bxe8 Bd4+ 25. Kc1 Nd3+ 26. Kd1 Nf2+ 1/2-1/2

[Event "Madrid San Viator op 16th"]
[Site "Madrid"]
[Date "2011.06.05"]
[Round "9"]
[White "Fernandez Gil, Ruben Carlos"]
[Black "Ruiz Bazaga, Miriam"]
[Result "1-0"]
[WhiteElo "1806"]
[BlackElo "1636"]
[PlyCount "87"]
[EventDate "2011.03.27"]
[EventType "swiss"]
[EventRounds "9"]
[EventCountry "ESP"]
[SourceTitle "EXT 2012"]
[Source "ChessBase"]
[SourceDate "2011.11.24"]
[SourceVersion "1"]
[SourceVersionDate "2011.11.24"]
[SourceQuality "1"]

1. e4 e6 2. d4 d5 3. Nc3 Nc6 4. e5 Bd7 5. Be3 Bb4 6. Qg4 g6 7. Nf3 Nge7 8. Bd3 Nf5 9. Bxf5 exf5 10. Qg3 Be6 11. a3 Be7 12. h4 Qd7 13. h5 0-0-0 14. 0-0-0 Na5 15. Rh2 Nc4 16. Rdh1 Nxe3 17. fxe3 g5 18. h6 g4 19. Nd2 Qc6 20. Ne2 f6 21. Rh5 Bf7 22. R5h2 Bg6 23. Nf4 Bf7 24. Nh5 fxe5 25. Qxe5 Bd6 26. Qxf5+ Qd7 27. Qxd7+ Rxd7 28. Rh4 Be6 29. Ng7 Bg3 30. Rh5 Bf7 31. Rg5 Bf2 32. Nf1 g3 33. Kd2 Bg6 34. Nxg3 Bxg3 35. Rxg3 Rf7 36. Rf3 Rd7 37. Rhf1 Rdd8 38. Ne6 Rde8 39. Rf8 Rhxf8 40. Rxf8 Kd7 41. Rxe8 Bxe8 42. Nf8+ Ke7 43. Nxh7 Kf7 44. Ng5+ 1-0

[Event "Parla op 25th"]
[Site "Parla"]
[Date "2010.09.12"]
[Round "9"]
[White "Fernandez Gil, Ruben Carlos"]
[Black "Lopez Garralon, Miguel"]
[Result "0-1"]
[WhiteElo "1721"]
[BlackElo "1788"]
[PlyCount "60"]
[EventDate "2010.09.04"]
[EventType "swiss"]
[EventRounds "9"]
[EventCountry "ESP"]
[SourceTitle "CBM 138 Extra"]
[Source "ChessBase"]
[SourceDate "2010.10.29"]
[SourceVersion "1"]
[SourceVersionDate "2010.10.29"]
[SourceQuality "1"]

1. c4 d6 2. Nc3 Nf6 3. g3 Nbd7 4. Bg2 e5 5. d3 c6 6. e4 Be7 7. Nge2 h6 8. 0-0 Qc7 9. a3 g5 10. b4 Nf8 11. d4 Ng6 12. d5 Bd7 13. Qb3 0-0 14. h3 Kg7 15. Be3 Qc8 16. Kh2 Nh5 17. g4 Nhf4 18. Bxf4 gxf4 19. f3 Rh8 20. Kg1 h5 21. Qc2 hxg4 22. fxg4 Bxg4 23. hxg4 Qxg4 24. Nc1 Qg3 25. Rf3 Qe1+ 26. Bf1 Rh5 27. Nb3 Rg5+ 28. Kh2 Rh8+ 29. Bh3 Rg3 30. Rxe1 Rhxh3# 0-1

[Event "Parla op 25th"]
[Site "Parla"]
[Date "2010.09.08"]
[Round "5"]
[White "Fernandez Gil, Ruben Carlos"]
[Black "Rodrigo Yanguas, Maria"]
[Result "0-1"]
[WhiteElo "1721"]
[BlackElo "2092"]
[PlyCount "124"]
[EventDate "2010.09.04"]
[EventType "swiss"]
[EventRounds "9"]
[EventCountry "ESP"]
[SourceTitle "CBM 138 Extra"]
[Source "ChessBase"]
[SourceDate "2010.10.29"]
[SourceVersion "1"]
[SourceVersionDate "2010.10.29"]
[SourceQuality "1"]

1. c4 Nc6 2. Nc3 e5 3. d3 Bc5 4. Nf3 a6 5. g3 d6 6. Bg2 Nge7 7. 0-0 0-0 8. a3 f5 9. b4 Ba7 10. e3 Ng6 11. Nd5 Nce7 12. Nxe7+ Qxe7 13. d4 f4 14. dxe5 dxe5 15. exf4 exf4 16. Bb2 fxg3 17. hxg3 Qf7 18. Qc2 Bf5 19. Qc3 Rad8 20. Ng5 Qf6 21. Bd5+ Rxd5 22. cxd5 Qxc3 23. Bxc3 Bd3 24. Ne6 Rf5 25. Nxc7 Bxf1 26. Rxf1 Rf3 27. Bb2 Rxg3+ 28. Kh2 Rd3 29. Ne6 Rxd5 30. Kg2 Nh4+ 31. Kg3 Nf5+ 32. Kg2 Nh4+ 33. Kg3 Nf5+ 34. Kf4 g6 35. Rc1 Ne7 36. Ke4 Rd7 37. Rc3 Nc6 38. Rf3 Rf7 39. Rxf7 Kxf7 40. Ng5+ Kg8 41. f4 h6 42. Nf3 Kf7 43. Kd5 Ne7+ 44. Kd6 Bb8+ 45. Kd7 Bxf4 46. Ne5+ Kf8 47. Nd3 Be3 48. Kc7 b6 49. Bc1 Bxc1 50. Nxc1 b5 51. Kb6 Nc8+ 52. Kxa6 Nd6 53. Kb6 h5 54. Kc5 Ke7 55. Nd3 g5 56. Kd5 Nf7 57. Ke4 Kd6 58. Kf3 h4 59. Kg4 Ne5+ 60. Kxg5 Nxd3 61. Kxh4 Nxb4 62. axb4 Kd5 0-1